we sing and play :a legacy of music for choral and instrumental ensembles
Guardat en:
| Autor principal: | |
|---|---|
| Format: | Llibre |
| Idioma: | anglès |
| Publicat: |
Obafemi Awolowo University Press
2014
|
| Etiquetes: |
Afegir etiqueta
Sense etiquetes, Sigues el primer a etiquetar aquest registre!
|
MARC
| LEADER | 00000nam a22000007a 4500 | ||
|---|---|---|---|
| 008 | 210713b ||||| |||| 00| 0 eng d | ||
| 020 | |a 9781364971 | ||
| 100 | |a OLATUNJI, Myke | ||
| 245 | |a we sing and play |b :a legacy of music for choral and instrumental ensembles |c Myke Olatunji |g ix, 181p.:ill. | ||
| 260 | |b Obafemi Awolowo University Press |c 2014 |h Ile-Ife, Nigeria |i 695936 |i 695937 |i 695938 |i 695939 |i 695940 |l M1378.Ol1 |m Popular music |m Hymns, English | ||
| 942 | |a lcc |c BK |e Kuteyi, M.A. |f 13/7/21 | ||
| 952 | |0 0 |1 0 |2 lcc |4 0 |6 M1378 O L1 |7 0 |9 2779 |a HOL |b HOL |c LP |d 2021-07-13 |l 0 |o M1378.Ol1 |p 2021-6638 |r 2021-07-13 00:00:00 |w 2021-07-13 |y BK | ||
| 952 | |0 0 |1 0 |2 lcc |4 0 |6 M1378 O L1 |7 0 |9 2780 |a HOL |b HOL |c LP |d 2021-07-13 |l 0 |o M1378.Ol1 |p 2021-6639 |r 2021-07-13 00:00:00 |w 2021-07-13 |y BK | ||
| 952 | |0 0 |1 0 |2 lcc |4 0 |6 M1378 O L1 |7 0 |9 2781 |a HOL |b HOL |c LP |d 2021-07-13 |l 0 |o M1378.Ol1 |p 2021-6640 |r 2021-07-13 00:00:00 |w 2021-07-13 |y BK | ||
| 952 | |0 0 |1 0 |2 ddc |4 0 |6 M_1378_000000000000000_OL1 |7 0 |9 2782 |a HOL |b ART |c LP |d 2021-07-13 |l 0 |o M1378.Ol1 |p 2021-6641 |r 2021-07-13 00:00:00 |w 2021-07-13 |y BK | ||
| 952 | |0 0 |1 0 |2 ddc |4 0 |6 M_1378_000000000000000_OL1 |7 0 |9 2783 |a HOL |b ART |c LP |d 2021-07-13 |l 0 |o M1378.Ol1 |p 2021-6642 |r 2021-07-13 00:00:00 |w 2021-07-13 |y BK | ||
| 999 | |c 1448 |d 1448 | ||